Торене на полските култури при напояване (Запис номер 206291)
[ съкратено ]
| 000 -Лидер | |
|---|---|
| Контролно поле с фиксирана дължина | 01103nam a2200277 c 4500 |
| 003 - Код на организацията, давaща контролен номер | |
| Контролно поле | BLK |
| 005 - Дата и час на последна редакция | |
| Контролно поле | 20180422120803.0 |
| 008 - Елементи от данни с фиксирана дължина | |
| fixed length control field | 180411b bul|||||r ||||||| ||bul|| |
| 010 ## - Наследен системен номер | |
| LC control number | KNG00216040000 |
| 040 ## - Източник на каталожния запис | |
| Идентификатор на билиотеката - собственик на записа | BLK |
| 041 ## - Код за език | |
| Код за езика на текст/звукозапис или на отделно заглавие | Български |
| Код за езика КДБФ | Български |
| 080 ## - УДК | |
| Текстов определител УДК | Полевъдство. Полски култури и производството им |
| УДК код - определител по УДК | 633 |
| УДК определител | |
| УДК - код + определител | 633 |
| 100 1# - Редна дума - Автор | |
| Автор | Груев, Цанко М. |
| Авторска отговорност | първи автор |
| R(LIN) | 386688 |
| 139 ## - Редно поле | |
| Редна дума | Торене на полските култури при напояване |
| Авторски знак | Тор - Т 75 |
| 245 10 - Сведения за заглавието | |
| Заглавие | Торене на полските култури при напояване |
| Подзаглавни данни | Изследване |
| Редно поле (дума) | Цанко М. Груев. |
| 257 ## - Страна на издаване | |
| Страна на създаване/издаване | България |
| 260 ## - Област на издателските данни | |
| -- | София |
| Име на издателя, разпространителя и проч. | Земиздат |
| Година на издаване | 1971 |
| 300 ## - Физическа характеристика | |
| Страници | 232 с. |
| Илюстрации и др. | с табл. |
| Размери/Мащаб | 25 см |
| 380 ## - Жанр | |
| Жанр | Селско стопанство |
| 500 ## - Общи забележки | |
| Забележка | Други авт. : Райна Груева, Митко Витков, Марин Бонев |
| 852 ## - Местоположение | |
| Форматна сигнатура | Цб 59082 |
| 856 4# - Електронен адрес и достъп | |
| Електронен формат | pdf - файл |
| Път до файла /url/ | |
| 856 4# - Електронен адрес и достъп | |
| Електронен формат | pdf - файл |
| Път до файла /url/ | |
| 942 ## - АРТИКУЛИ | |
| Вид на библиотечния материал | Книги |
| Скрит в OPAC | Не |
| 944 ## - СЪЗДАВАНЕ И РЕДАКЦИЯ на ЗАПИСА | |
| Създаване/Редакция | Създаване |
| Дата на регистрацията/редакция | 12.02.2018 |
| Служител, извършил регистрацията/редакцията | Христина_Везирева |
| 944 ## - СЪЗДАВАНЕ И РЕДАКЦИЯ на ЗАПИСА | |
| Създаване/Редакция | Редакция |
| Дата на регистрацията/редакция | 12.02.2018 |
| Служител, извършил регистрацията/редакцията | Христина_Везирева |
| 999 ## - СИСТЕМНИ КОНТРОЛНИ НОМЕРА | |
| Koha biblionumber | 206291 |
| Koha biblioitemnumber | 206291 |
| Код за отписване | Код за изгубен артикул | Източник на класификационната схема | Код за повреда | Коз за рестрикции | Код за отдаване | Артикулен № | Име на библиотеката - собственик | Име на библиотеката, в която се намира в момента | Статус (Текущо местоположение) | Дата на вписване в системата | Местоположение - отдел | Цена в лева | Инвентарен номер | Систематично азбучна сигнатура | Баркод | Номер на екземпляра | Цена в евро | Служебна бележка | Служебен тип на артикула |
|---|---|---|---|---|---|---|---|---|---|---|---|---|---|---|---|---|---|---|---|
| Не е изгубен | Universal Decimal Classification | Не е повреден | само за читалня | ползва се в читалня | 354840 | Регионална библиотека "Любен Каравелов" Русе | Регионална библиотека "Любен Каравелов" Русе | Хранилище | 1971-01-01 | Хранилище | 1.02 | 99040 | Цб 59082 | 120000099040 | 1 | 0.52 | Дост: Dp Вид: Сф N: стар фонд Дата: 01.01.1971 | Книги | |
| Изтеглен | Не е изгубен | Universal Decimal Classification | Не е повреден | без рестрикции | заемане за дома | 354841 | Регионална библиотека "Любен Каравелов" Русе | Регионална библиотека "Любен Каравелов" Русе | Заемна - подръчен фонд | 1971-01-01 | Заемна - подръчен фонд | 1.02 | 98023 | П 633/Т 75 | 98023 | 2 | 0.52 | Дост: Pk Вид: Сф N: стар фонд Дата: 01.01.1971 Дата инв: 13.02.2018 Бележки инв: П2018 | Книги |